ბათუმის შოთა რუსთაველის სახელმწიფო უნივერსიტეტის ბიბლიოთეკა

Международное право.Особенная часть (ბიბ.ჩანაწერი № 35137)

000 -LEADER
fixed length control field 00641nam a2200241Ia 4500
001 - CONTROL NUMBER
control field 979
003 - CONTROL NUMBER IDENTIFIER
control field GE_BSU
008 - FIXED-LENGTH DATA ELEMENTS--GENERAL INFORMATION
fixed length control field 181216s||||||||xx |||||||||||||| ||und||
020 ## - INTERNATIONAL STANDARD BOOK NUMBER
International Standard Book Number 340642338
040 ## - CATALOGING SOURCE
Transcribing agency GE_BSU
080 ## - UNIVERSAL DECIMAL CLASSIFICATION NUMBER
Universal Decimal Classification number 341.1(075.8)
100 ## - MAIN ENTRY--PERSONAL NAME
Personal name Лукащук,И.И.
245 ## - TITLE STATEMENT
Title Международное право.Особенная часть
245 ## - TITLE STATEMENT
Remainder of title Уч-к для юридических фак-в
260 ## - PUBLICATION, DISTRIBUTION, ETC.
Place of publication, distribution, etc. Москва
260 ## - PUBLICATION, DISTRIBUTION, ETC.
Name of publisher, distributor, etc. изд-во БЕК
260 ## - PUBLICATION, DISTRIBUTION, ETC.
Date of publication, distribution, etc. 1998
300 ## - PHYSICAL DESCRIPTION
Extent 410стр.
653 ## - INDEX TERM--UNCONTROLLED
Uncontrolled term Международное право
653 ## - INDEX TERM--UNCONTROLLED
Uncontrolled term Право
942 ## - ADDED ENTRY ELEMENTS (KOHA)
Koha item type წიგნი
ეგზემპლარები
Withdrawn status Lost status Damaged status Not for loan Date acquired Barcode Date last seen Price effective from Koha item type
        2018-12-17 1752 2018-12-17 2018-12-17 წიგნი
        2018-12-17 1751 2018-12-17 2018-12-17 წიგნი